| 000 | 01082cam a2200289 a 4500 | ||
|---|---|---|---|
| 001 | 3335460 | ||
| 003 | OSt | ||
| 005 | 20230704083523.0 | ||
| 008 | 850109s1983 ko b 100 0 eng | ||
| 010 | _a 85103506 | ||
| 040 |
_aDLC _cDLC _dDLC |
||
| 043 |
_aa-cc--- _aa-ko--- |
||
| 082 | 0 | 0 |
_a338.95 _bHEE |
| 245 | 0 | 0 |
_aPolitical leadership and economic development : _bKorea and China / _cedited by Yoo Se-Hee. |
| 260 |
_a[Seoul, Korea] : _bInstitute for Sino-Soviet Studies, Hanyang University, _cc1983. |
||
| 300 |
_avii, 240 p. ; _c24 cm. |
||
| 490 | 0 |
_aISSS research series ; _v1 |
|
| 500 | _aPapers from a conference held at the Institute for Sino-Soviet Studies, Hanyang University, Dec. 14-15, 1982. | ||
| 504 | _aBibliography: p. 217-221. | ||
| 650 | 0 |
_aEconomic development _vCongresses. |
|
| 651 | 0 |
_aChina _xEconomic policy _y1976-2000 _vCongresses. |
|
| 651 | 0 |
_aKorea (South) _xEconomic policy _vCongresses. |
|
| 700 | 1 | _aYoo, Se-Hee. | |
| 710 | 2 |
_aHanyang Taehakkyo. _bChung-So Yŏnʾguso. |
|
| 906 |
_a7 _bcbc _corignew _d3 _encip _f19 _gy-gencatlg |
||
| 942 |
_2ddc _cBK |
||
| 999 |
_c3561 _d3561 |
||